Central Library OPAC University of Rajshahi

Homotopy theory / (Record no. 69534)

MARC details
000 -LEADER
fixed length control field 00715nam a2200241 a 4500
001 - CONTROL NUMBER
control field 69534
003 - CONTROL NUMBER IDENTIFIER
rucl marc code BD-RjUL
005 - DATE AND TIME OF LATEST TRANSACTION
control field 20211209081911.0
008 - FIXED-LENGTH DATA ELEMENTS--GENERAL INFORMATION
fixed length control field 170412s1959 nyu 00100 eng d
035 ## - SYSTEM CONTROL NUMBER
System control number (BD-RjUL)69746
040 ## - CATALOGING SOURCE
Original cataloging agency ANL
Language of cataloging eng
Modifying agency ANL
Transcribing agency BD-RjUL
041 ## - LANGUAGE CODE
Language code of text/sound track or separate title eng
082 0# - DEWEY DECIMAL CLASSIFICATION NUMBER
Classification number 512.24
Edition number 23
Author mark and year HUH 1959
100 1# - MAIN ENTRY--PERSONAL NAME
Personal name Hu, Sze-tsen,
Dates associated with a name 1914-
9 (RLIN) 205957
245 10 - TITLE STATEMENT
Title Homotopy theory /
Statement of responsibility, etc. Sze-tsen Hu
260 ## - PUBLICATION, DISTRIBUTION, ETC. (IMPRINT)
Place of publication, distribution, etc. New York :
Name of publisher, distributor, etc. Academic Press,
Date of publication, distribution, etc. 1959.
300 ## - PHYSICAL DESCRIPTION
Pagination 347 p. ;
Size 24 cm.
490 1# - SERIES STATEMENT
Series statement Pure and applied mathematics.
Volume/sequential designation 8
504 ## - BIBLIOGRAPHY, ETC. NOTE
Bibliography, etc Includes index and bibliography
650 #0 - SUBJECT ADDED ENTRY--TOPICAL TERM
Topical term or geographic name as entry element Homotopy theory.
9 (RLIN) 138202
830 #0 - SERIES ADDED ENTRY--UNIFORM TITLE
Uniform title Pure and applied mathematics (Academic Press) ;
Volume number/sequential designation 8
942 ## - ADDED ENTRY ELEMENTS (KOHA)
Source of classification or shelving scheme Dewey Decimal Classification
Koha item type Books
Holdings
Lost status Source of classification or shelving scheme Damaged status Not for loan Collection code Permanent Location Current Location Shelving location Date acquired Source of acquisition Cost, normal purchase price Total Checkouts Full call number Date last seen Copy number Koha item type
  Dewey Decimal Classification   Not For Loan Non-fiction Central Library, University of Rajshahi Central Library, University of Rajshahi Reading Room 12/11/1963 Zeitlinger 88.10   512.24 HUH 1959 12/04/2017 C-1 Books